Slips of Speech : (Record no. 234312)
[ view plain ]
| 000 -LEADER | |
|---|---|
| fixed length control field | 01048cam a22002533a 4500 |
| 001 - CONTROL NUMBER | |
| control field | 4983 |
| 003 - CONTROL NUMBER IDENTIFIER | |
| control field | PGUSA |
| 005 - DATE AND TIME OF LATEST TRANSACTION | |
| control field | 20140828083112.0 |
| 008 - FIXED-LENGTH DATA ELEMENTS--GENERAL INFORMATION | |
| fixed length control field | 040101s2004||||xxu|||||s|||||000 | eng d |
| 040 ## - CATALOGING SOURCE | |
| Original cataloging agency | PGUSA |
| Language of cataloging | eng |
| 042 ## - AUTHENTICATION CODE | |
| Authentication code | dc |
| 050 #4 - LIBRARY OF CONGRESS CALL NUMBER | |
| Classification number | PE |
| 100 1# - MAIN ENTRY--PERSONAL NAME | |
| Personal name | Bechtel, John Hendricks, |
| Dates associated with a name | 1841- |
| 245 10 - TITLE STATEMENT | |
| Title | Slips of Speech : |
| Remainder of title | a Helpful Book for Everyone Who Aspires to Correct the Everyday Errors of Speaking |
| Medium | [electronic resource] / |
| Statement of responsibility, etc | John Hendricks Bechtel |
| 260 ## - PUBLICATION, DISTRIBUTION, ETC. (IMPRINT) | |
| Name of publisher, distributor, etc | Project Gutenberg, |
| Date of publication, distribution, etc | 2004 |
| 505 0# - FORMATTED CONTENTS NOTE | |
| Formatted contents note | Taste -- Choice of words -- Contractions -- Possessive case -- Pronouns -- Number -- Adverbs -- Conjunctions -- Correlatives -- The infinitive -- Participles -- Prepositions -- The article -- Redundancy -- Two negatives -- Accordance of verb with subject. |
| 506 ## - RESTRICTIONS ON ACCESS NOTE | |
| Terms governing access | Public domain in the USA. |
| 516 ## - TYPE OF COMPUTER FILE OR DATA NOTE | |
| Type of computer file or data note | Electronic text |
| 653 ## - INDEX TERM--UNCONTROLLED | |
| Uncontrolled term | English language -- Errors of usage |
| 653 ## - INDEX TERM--UNCONTROLLED | |
| Uncontrolled term | English language -- Idioms |
| 830 #0 - SERIES ADDED ENTRY--UNIFORM TITLE | |
| Uniform title | Project Gutenberg |
| Volume number/sequential designation | 4983 |
| 856 40 - ELECTRONIC LOCATION AND ACCESS | |
| Uniform Resource Identifier | <a href="http://www.gutenberg.org/ebooks/4983">http://www.gutenberg.org/ebooks/4983</a> |
| 942 ## - ADDED ENTRY ELEMENTS (KOHA) | |
| Koha item type | eBooks |
| Withdrawn status | Lost status | Damaged status | Home library | Current library | Date acquired | Total Checkouts | Date last seen | Price effective from | Koha item type |
|---|---|---|---|---|---|---|---|---|---|
| Project Gutenberg | Project Gutenberg | 08/28/2014 | 08/28/2014 | 08/28/2014 | eBooks |